MONITORING V OBLASTI ĽUDSKÝCH PRÁV V STREDNÝCH ŠKOLÁCH

Bibliographic Details
Main Authors: Dugovičová, Mária (Author), Slovíková, Mária (Author)
Format: Article
Language:Slovak

MARC

LEADER 00000nab a2200000uu 4500
001 vtls010901877
003 SK-MaSNL
005 20260303142441.0
008 230222|2007 xo |||||||||||||||||slo|
015 |a SNBRB 
035 |a (urnnbn)urn:nbn:sk:snk:ar-a07nk1 
035 |a (uuid)1f7f98e6-78f3-4131-bd74-81f5d7af6d0b 
035 |a urn:nbn:sk:snk-ab8t9o 
040 |a SNKBUCL  |b slo  |c SNKBUCL  |e AACR2 
041 0 |a slo 
044 |a xo  |c SK 
100 1 |a Dugovičová, Mária  |4 aut  |9 467880 
245 1 0 |a MONITORING V OBLASTI ĽUDSKÝCH PRÁV V STREDNÝCH ŠKOLÁCH  |c Mária Dugovičová, Mária Slovíková 
700 1 |a Slovíková, Mária  |4 aut  |9 11916 
773 0 |t Prevencia : informačný bulletin zameraný na prevenciu sociálno-patologických javov v rezorte školstva  |g Roč. 6, č. 1 (2007), s. 9-16 
954 |a odborná, vedecká literatúra pôvodná (slovenská)  |2 lita 
958 |a OND 
958 |a EUIPO 
958 |a article10 
999 |c 1982985  |d 1984915